Yerel demokrasi sorunsalı (Kayıt no. 10732)
[ düz görünüm ]
| 000 -BAŞLIK | |
|---|---|
| Sabit Uzunlukta Kontrol Alanı | 01101na a2200301 4500 |
| 001 - KONTROL NUMARASI | |
| Denetim Alanı | 24211 |
| 003 - KONTROL NUMARASI IDENTIFIER | |
| Denetim Alanı | MIRAKIL |
| 005 - SON İŞLEM TARİHİ VE ZAMANI | |
| Denetim Alanı | 20181213155332.0 |
| 008 - SABİT-BOY VERİ ELEMANLARI - GENEL BİLGİLER | |
| Sabit Uzunlukta Kontrol Alanı | 180621b tu 000 0 |
| 020 ## - ULUSLARARASI STANDART KİTAP NUMARASI | |
| Uluslararası Standart Kitap Numarası | 9786053994145 |
| 040 ## - KATALOGLAMA KAYNAK | |
| Orijinal Kataloglama Ajansı | Milas |
| Kataloglama Dili | tur |
| Metne Dönüştürmek Ajansı | TR-AnCHP |
| 041 ## - DİL KODU | |
| Metin / Ses Parça Veya Ayrı Başlığın Dil Kodu | tur |
| 082 ## - DEWEY ONLU SINIFLANDIRMA NUMARASI | |
| Sınıflandırma Numarası | 352.0084 |
| Ürün Numarası | Y36 2015 |
| 090 ## - SINIFLAMA NUMARASI | |
| Sınıflama Numarası | 352.0084 Y36 2015 |
| 245 ## - BAŞLIK TABLOSU | |
| Başlık | Yerel demokrasi sorunsalı |
| Başlığın Kalan | Büyükşehir Belediye Meclisleri yapısı ve işleyişi |
| Sorumluluk Tablosu, Vb | derleyen Pınar Uyan Semerci ; yayına hazırlayan Cem Tüzün |
| 246 ## - UNVAN FORM VARYING | |
| Başlık Doğru / Kısa Başlığı | Büyükşehir Belediye Meclisleri yapısı ve işleyişi |
| 260 ## - YAYIN, DAĞITIM, VB | |
| Yayın, Dağıtım, Vb Yeri | İstanbul |
| Yayıncı, Dağıtıcı, Vs Adı | İstanbul Bilgi Üniversitesi |
| Yayın, Dağıtım, Vb Tarihi | 2015 |
| Üretici Firma | Mega basım yayın |
| 300 ## - FİZİKSEL TANIM | |
| Kapsam | 326 s. |
| Diğer Fiziksel Ayrıntıları | tbl. , grf. |
| Boyutlar | 23 sm. |
| 440 ## - SERİSİ TABLOSU / KATMA GİRİŞİ - BAŞLIK | |
| Başlık | İstanbul Bilgi Üniversitesi Yayınları |
| Hacim / Ardışık Tanımı | 525 |
| 490 ## - SERİSİ TABLOSU | |
| Seri Beyanı | Araştırma |
| Hacim / Ardışık Tanımı | 7 |
| 504 ## - KAYNAKÇA VB NOT | |
| Kaynakça Vb Notu | Kaynakça ve dizin var. |
| 650 ## - KONU KATMA GİRİŞ - TOPİKAL DÖNEM | |
| Topikal Süreli Veya Coğrafi Ad Giriş Elemanı | Yerel yönetimler |
| Genel Alt Bölümü | Türkiye |
| 650 ## - KONU KATMA GİRİŞ - TOPİKAL DÖNEM | |
| Topikal Süreli Veya Coğrafi Ad Giriş Elemanı | Belediye yönetimi |
| Genel Alt Bölümü | Türkiye |
| 700 ## - KATMA GİRİŞ - KİŞİSEL İSİM | |
| Kişisel Ad | Tüzün, Cem |
| Relator Terim | yay. haz. |
| 700 ## - KATMA GİRİŞ - KİŞİSEL İSİM | |
| Kişisel Ad | Semerci, Uyan Pınar |
| Relator Terim | der. |
| 740 ## - KATMA GİRİŞ - KONTROLSUZ İLGİLİ / ANALİTİK BAŞLIK | |
| Kontrol Edilmeyen / İlgili Analitik Başlıktaki | Büyükşehir Belediye Meclisleri yapısı ve işleyişi |
| 942 ## - EKLENDİ GİRİŞ ELEMANLARI (KOHA) | |
| Sınıflandırma Veya Raf Düzeni Kaynak | Dewey Decimal Classification |
| Koha Öğesi Türü | Kitaplar |
| 999 ## - SİSTEM KONTROL NUMARALARI (KOHA) | |
| Koha Biblionumber | 10732 |
| Koha Biblioitemnumber | 10732 |
| Kalıcı Konum | Mevcut Konum | Edinme Tarihi | Edinim Kaynak | Toplam Check-Out'Lar | Toplam Yenileme | Tam Çağrı Numarası | Barkod | Tarih Son Görülme | Tarihi Geçen Teslim | İtibaren Geçerli Fiyatlar | Koha Öğesi Türü |
|---|---|---|---|---|---|---|---|---|---|---|---|
| CHP Kütüphanesi | CHP Kütüphanesi | 06/21/2018 | Bağış | 1 | 3 | 352.0084 Y36 2015 | 018215 | 01/13/2020 | 09/18/2019 | 06/21/2018 | Kitaplar |
